000 00935nam a2200217Ia 4500
999 _c39310
_d39310
001 5896
003 GE_BSU
005 20190819122942.0
008 181216s1964||||ge |||||||||||||| ||geo||
040 _cGE_BSU
041 _ageo
080 _a821.353.1-312.9 ა-13
100 _aაბაშელი, ალექსანდრე
_93648
245 _aქალი სარკეში :
_b ფანტასტიკური რომანი /
_cაბაშელი, ალექსანდრე ; რედ. რ. მარგიანი
264 _aთბილისი :
_bლიტერატურა და ხელოვნება ;
_c1964.
300 _a210 გვ. ;
_c21 სმ.
653 _aქალი სარკეში
653 _aფანტასტიკური რომანი
700 _aმარგიანი, რ.
_eრედაქტორი
_93672
942 _cBK
_2udc